বাংলায় আফ্রিকান অভিবাসী : (Record no. 104342)
[ view plain ]
| 000 -LEADER | |
|---|---|
| fixed length control field | 00872nam a22001937a 4500 |
| 003 - CONTROL NUMBER IDENTIFIER | |
| control field | BD-DhUL |
| 005 - DATE AND TIME OF LATEST TRANSACTION | |
| control field | 20160906101419.0 |
| 008 - FIXED-LENGTH DATA ELEMENTS--GENERAL INFORMATION | |
| fixed length control field | 160906s2013 b a|||| |||| 001 0db d |
| 040 ## - CATALOGING SOURCE | |
| Transcribing agency | BD-DhUL |
| Modifying agency | BD-DhUL |
| 082 ## - DEWEY DECIMAL CLASSIFICATION NUMBER | |
| Classification number | 954.0254 |
| Item number | MAB |
| 100 1# - MAIN ENTRY--PERSONAL NAME | |
| Personal name | মানিক, আখতার উদ্দিন |
| 245 ## - TITLE STATEMENT | |
| Title | বাংলায় আফ্রিকান অভিবাসী : |
| Remainder of title | মধ্যযুগে স্বাধীন সুলতানি আমল / |
| Statement of responsibility, etc. | আখতার উদ্দিন মানিক |
| 260 ## - PUBLICATION, DISTRIBUTION, ETC. (IMPRINT) | |
| Place of publication, distribution, etc. | ঢাকা : |
| Name of publisher, distributor, etc. | অ্যাডর্ন, |
| Date of publication, distribution, etc. | ২০১৩ । |
| 300 ## - PHYSICAL DESCRIPTION | |
| Extent | ১৪৩ পৃ. : |
| Other physical details | চিত্র. ; |
| Dimensions | ২২ সেমি |
| 504 ## - BIBLIOGRAPHY, ETC. NOTE | |
| Bibliography, etc | গ্রন্থপঞ্জিগত তথ্য ও নির্ঘন্ট সংবলিত । |
| 650 ## - SUBJECT ADDED ENTRY--TOPICAL TERM | |
| Topical term or geographic name as entry element | ইতিহাস |
| 650 ## - SUBJECT ADDED ENTRY--TOPICAL TERM | |
| Topical term or geographic name as entry element | History |
| 942 ## - ADDED ENTRY ELEMENTS (KOHA) | |
| Source of classification or shelving scheme | |
| Koha item type | Books |
| Price effective from | Date last seen | Permanent Location | Not for loan | Date acquired | Source of classification or shelving scheme | Koha item type | Lost status | Withdrawn status | Copy number | Source of acquisition | Collection code | Damaged status | Shelving location | Barcode | Current Location | Full call number |
|---|---|---|---|---|---|---|---|---|---|---|---|---|---|---|---|---|
| 2016-09-06 | 2016-09-06 | Dhaka University Library | 2015-05-12 | Books | 1 | Purchased | Non Fiction | General Stacks | 490873 | Dhaka University Library | 954.0254 MAB | |||||
| 2016-09-06 | 2016-09-06 | Dhaka University Library | 2015-05-12 | Books | 2 | Purchased | Non Fiction | General Stacks | 490874 | Dhaka University Library | 954.0254 MAB |
